ბათუმის შოთა რუსთაველის სახელმწიფო უნივერსიტეტის ბიბლიოთეკა

შინაგან სნეულებათა დიაგნოსტიკა : (ბიბ.ჩანაწერი № 62891)

000 -ლიდერი
ფიქსირებული სიგრძის საკონტროლო ველი 01276nam a22002417a 4500
003 - საკონტროლო ნომრის იდენტიფიკატორი
საკონტროლო ველი Ge_BSU
005 - ბოლო ოპერაციის თარიღი და დრო
საკონტროლო ველი 20250317112824.0
008 - ფიქსირებული სიგრძის მონაცემთა ელემენტები - ზოგადი ინფორმაცია
ფიქსირებული სიგრძის საკონტროლო ველი 250317s2001 ge ||||| |||| 00| 0 geo d
020 ## - წიგნის საერთაშორისო სტანდარტული ნომერი
International Standard Book Number 9992852798
041 ## - ენის კოდი
Language code of text/sound track or separate title geo
080 ## - უნივერსალური ათობითი კლასიფიკაციის ინდექსი
Universal Decimal Classification number 616-07(075.8) ტ-37
100 ## - მთავარი ჩანაწერი - პიროვნების სახელი
Personal name ტატიშვილი, ნუგზარ
9 (RLIN) 3227
245 ## - ცნობა სათაურის შესახებ
Title შინაგან სნეულებათა დიაგნოსტიკა :
Remainder of title [სახელმძღვ. სამედ. უნ-ტის სტუდ.-თვის] /
Statement of responsibility, etc ნუგზარ ტატიშვილი, ირაკლი ტატიშვილი ; რედ.: გ. სიმონია.
250 ## - გამოცემის ცნობა
Edition statement [1-ლი გამოც.].
264 ## - წარმოების, გამოცემის, დისტრიბუციის და სხვა ცნობები
გამოცემის, წარმოების, დისტრიბუციის... ადგილი თბილისი :
გამოცემის, წარმოების, დისტრიბუციის... სახელწოდება ბაკურ სულაკაურის გამ-ბა,
გამოცემის, წარმოების, დისტრიბუციის... თარიღი 2001.
300 ## - ფიზიკური აღწერა
Extent 349 გვ. ;
Other physical details 29 სმ.
490 ## - სერიის ცნობა
Series statement სამედიცინო წიგნი
653 ## - INDEX TERM--UNCONTROLLED
Uncontrolled term შინაგანი დაავადებების დიაგნოსტიკა
653 ## - INDEX TERM--UNCONTROLLED
Uncontrolled term მედიცინა
700 ## - ADDED ENTRY--PERSONAL NAME
Personal name ტატიშვილი, ირაკლი
Relator term ავტორი
9 (RLIN) 24576
700 ## - ADDED ENTRY--PERSONAL NAME
Personal name სიმონია, გ.
Relator term რედაქტორი
9 (RLIN) 3229
942 ## - ADDED ENTRY ELEMENTS (KOHA)
Source of classification or shelving scheme
Koha item type წიგნი
ეგზემპლარები
ჩამოწერის სტატუსი დაკარგული ეგზემპლარის სტატუსი კლასიფიკაციის წყარო ან თაროზე გაწყობის სქემა დაზიანების სტატუსი არ გაიცემა მუდმივი მდებარეობა (დაცვის ადგილი) ამჟამინდელი ადგილსამყოფელი თაროზე განთავსების ადგილი შეძენის თარიღი ღირებულება, შესყიდვის ნორმალური ფასი სრული შენახვის შიფრი შტრიხკოდი ბოლო ოპერაციის თარიღი ეგზემპლარის მიმდევრობითი ნომერი (კეტერი?) ფასის ძალაში შესვლის თარიღი ეგზემპლარის სახეობა საჯარო შენიშვნა
          ბათუმის შოთა რუსთაველის სახელმწიფო უნივერსიტეტის მთავარი ბიბლიოთეკა ბათუმის შოთა რუსთაველის სახელმწიფო უნივერსიტეტის მთავარი ბიბლიოთეკა წიგნსაცავი 2025-03-17 25.00 616-07(075.8) ტ-37 70847 2025-03-17 70847 2025-03-17 წიგნი 25 ლ.